Sexualidad, género y VIH-SIDA: ¿Qué piensan los futuros docentes chilenos-as?

Shranjeno v:
Bibliografske podrobnosti
Glavni avtor: Vidal, Francisco
Format: Knjiga
Jezik:španščina
Izdano: Santiago, Chile Vivo Positivo 2007
Teme:
Oznake: Označite
Brez oznak, prvi označite!

MARC

LEADER 00000cam a2200000 a 4500
001 UCI4771
003 CL-VaPUC
005 20240822125240.0
008 080229e20070000CL |||||||||||||||||spa|d
999 |c 328617  |d 328615 
020 |a 9789568247041 
040 |c Pontificia Universidad Católica de Valparaíso 
082 0 4 |a 616.9792 VID 2007  |2 21 
100 0 |a Vidal, Francisco  |9 526800 
245 1 0 |a Sexualidad, género y VIH-SIDA: ¿Qué piensan los futuros docentes chilenos-as? 
260 0 3 |a Santiago, Chile  |b Vivo Positivo  |c 2007 
300 |a 256 páginas. 
500 |a Incluye un Cd-rom 
583 |a last modification  |c 20171117 12:38:33  |k Rodrigo Vera 
650 0 |a SIDA (Síndrome de Inmunodeficiencia Adquirida)  |9 256118 
650 0 |a Sexualidad  |9 358183 
650 0 |a VIH (Virus de la Inmunodeficiencia Humana)   |9 429089 
650 0 |a Juventud  |9 271073 
650 0 |a Prevención de enfermedades  |9 393975 
650 0 |a Conducta sexual  |9 309880 
650 0 |a Adolescentes  |9 308058 
650 0 |a Aborto  |9 256680 
650 0 |a Profesores   |9 308968 
650 0 |a Estudiantes   |9 257640 
650 7 |a HOMOSEXUALISMO  |2 CL-VaPUC  |9 526801 
942 |c BK  |2 ddc 
945 |d 20080229 00:00:00  |a jtorresc 
952 |0 0  |1 0  |2 ddc  |4 0  |6 616_979200000000000_VID_2007  |7 0  |8 A  |9 412673  |a BIBHIS  |b BIBHIS  |d 2019-11-22  |i 4405919  |o 616.9792 VID 2007  |p 4405919  |r 2025-01-20  |t 9  |w 2019-11-22  |y BK  |k HIS 
952 |0 0  |1 0  |2 ddc  |4 0  |6 616_979200000000000_VID_2007  |7 0  |8 A  |9 412674  |a BIBCUR  |b BIBCUR  |d 2019-11-22  |i 4405889  |l 1  |o 616.9792 VID 2007  |p 4405889  |r 2025-04-22  |s 2023-05-09  |t 1  |w 2019-11-22  |y BK  |k PER 
952 |0 0  |1 0  |2 ddc  |4 0  |6 616_979200000000000_VID_2007  |7 0  |8 A  |9 412675  |a BIBDER  |b BIBDER  |d 2019-11-22  |i 4405935  |o 616.9792 VID 2007  |p 4405935  |r 2023-01-25  |t 8  |w 2019-11-22  |y BK  |k DER 
952 |0 0  |1 0  |2 ddc  |4 0  |6 616_979200000000000_VID_2007  |7 0  |8 A  |9 412676  |a BIBEDU  |b BIBEDU  |d 2019-11-22  |i 4405978  |o 616.9792 VID 2007  |p 4405978  |r 2023-01-12  |t 11  |w 2019-11-22  |y BK  |k MUS 
952 |0 0  |1 0  |2 ddc  |4 0  |6 616_979200000000000_VID_2007  |7 0  |8 A  |9 412677  |a BIBING  |b BIBING  |d 2019-11-22  |i 4405994  |o 616.9792 VID 2007  |p 4405994  |r 2025-01-20  |t 6  |w 2019-11-22  |y BK  |k ING 
952 |0 0  |1 0  |2 ddc  |4 0  |6 616_979200000000000_VID_2007  |7 0  |8 A  |9 412678  |a BIBGIM  |b BIBGIM  |d 2019-11-22  |i 4406036  |o 616.9792 VID 2007  |p 4406036  |r 2025-01-15  |t 3  |w 2019-11-22  |y BK  |k GIM 
952 |0 0  |1 0  |2 ddc  |4 0  |6 616_979200000000000_VID_2007  |7 0  |8 A  |9 412679  |a BIBALI  |b BIBALI  |c GEN  |d 2019-11-22  |i 4406052  |o 616.9792 VID 2007  |p 4406052  |r 2025-01-20  |t 7  |w 2019-11-22  |y BK  |k ALI 
952 |0 0  |1 0  |2 ddc  |4 0  |6 616_979200000000000_VID_2007  |7 0  |8 A  |9 412680  |a BIBMAT  |b BIBMAT  |d 2019-11-22  |i 4405951  |o 616.9792 VID 2007  |p 4405951  |r 2025-01-07  |t 10  |w 2019-11-22  |y BK  |k MAT 
952 |0 0  |1 0  |2 ddc  |4 0  |6 616_979200000000000_VID_2007  |7 0  |8 A  |9 412681  |a BIBEDU  |b BIBEDU  |d 2019-11-22  |i 440601K  |o 616.9792 VID 2007  |p 440601K  |r 2019-11-22  |t 4  |w 2019-11-22  |y BK  |k BME 
952 |0 0  |1 0  |2 ddc  |4 0  |6 616_979200000000000_VID_2007  |7 0  |8 A  |9 412682  |a BIBCUR  |b BIBCUR  |d 2019-11-22  |i 4405846  |o 616.9792 VID 2007  |p 4405846  |r 2025-04-22  |t 2  |w 2019-11-22  |y BK  |k BCB 
952 |0 0  |1 0  |2 ddc  |3 erb  |4 0  |6 616_979200000000000_VID_2007  |7 0  |8 A  |9 412683  |a BIBEDU  |b BIBEDU  |i 5437547  |o 616.9792 VID 2007  |p 5437547  |r 2019-11-22  |t 5  |w 2019-11-22  |y BK  |z Catalogado en:20171117  |k EPE